000
00273nam a2200097Ia 4500
001
720558
005
20250826163235.0
008
250824s9999 xx 000 0 und d
245
0
_a
CİNSİYETİN TOPLUMSAL ROL DEKİ YERİ
_c
CEMİLE AKYILDIZ ERCAN
260
_b
ÇİZGİ YAYINLARI
999
_c
720558
_d
720558